Manual básico de lengua de signos para romper corazones / (Record no. 136589)

MARC details
000 -CABECERA
campo de control de longitud fija 02234nam a22003494i 4500
001 - NÚMERO DE CONTROL
campo de control 991061497280706706
003 - IDENTIFICADOR DEL NÚMERO DE CONTROL
campo de control ES-BaIT
005 - FECHA Y HORA DE LA ÚLTIMA TRANSACCIÓN
campo de control 20251209093257.0
008 - DATOS DE LONGITUD FIJA--INFORMACIÓN GENERAL
campo de control de longitud fija 250918s2025 sp ao 000 d spa|c
017 ## - NÚMERO DE COPYRIGHT O DE DEPÓSITO LEGAL
Número de copyright o de depósito legal DL M 2905-2022
Agencia que asigna Oficina DL de Madrid
020 ## - NÚMERO INTERNACIONAL ESTÁNDAR DEL LIBRO
Número Internacional Estándar del Libro 9788490414392
040 ## - FUENTE DE LA CATALOGACIÓN
Centro catalogador/agencia de origen ES-BaIT
Lengua de catalogación cat
Normas de descripción rda
Centro/agencia transcriptor ES-BaIT
080 ## - NÚMERO DE LA CLASIFICACIÓN DECIMAL UNIVERSAL
Número de la Clasificación Decimal Universal 860-2"20"
100 1# - ENTRADA PRINCIPAL--NOMBRE DE PERSONA
Nombre de persona Pérez Toledo, Roberto,
Fechas asociadas al nombre 1978-2022
Término indicativo de función/relación autor
9 (RLIN) 167258
245 10 - MENCIÓN DE TÍTULO
Título Manual básico de lengua de signos para romper corazones /
Mención de responsabilidad, etc. Roberto Pérez Toledo
250 ## - MENCIÓN DE EDICIÓN
Mención de edición Primera edición
264 #1 - PRODUCCIÓN, PUBLICACIÓN, DISTRIBUCIÓN, FABRICACIÓN Y COPYRIGHT
Producción, publicación, distribución, fabricación y copyright Madrid :
Nombre del de productor, editor, distribuidor, fabricante Centro Dramático Nacional,
Fecha de producción, publicación, distribución, fabricación o copyright marzo 2022
300 ## - DESCRIPCIÓN FÍSICA
Extensión 102 pàgines :
Otras características físicas il·lustracions en color, fotos ;
Dimensiones 22 cm
336 ## - TIPO DE CONTENIDO
Término de tipo de contenido text
Código de tipo de contenido txt
Fuente rdacontent
337 ## - TIPO DE MEDIO
Nombre/término del tipo de medio sense mediació
Código del tipo de medio n
Fuente rdamedia
338 ## - TIPO DE SOPORTE
Nombre/término del tipo de soporte volum
Código del tipo de soporte nc
Fuente rdacarrier
500 ## - NOTA GENERAL
Nota general P4: D1, H3
500 ## - NOTA GENERAL
Nota general Al llom: 14
500 ## - NOTA GENERAL
Nota general Esta obra de teatro se estrenó en el Centro Dramático Nacional, Sala de la Princesa del Teatro María Guerrero, el miércoles 19 de enero de 2022
520 ## - SUMARIO, ETC.
Sumario, etc. Lucho es sordo, pero Jaime tiene mucho que contarle. Es invierno, y los dos acaban de conocerse. El primer flirteo en un centro comercial ha desembocado en un paseo por las calles de Madrid y, después, sus pasos les encaminan hacia el piso de Jaime. Es evidente que se gustan, y Jaime se esfuerza por vocalizar mucho para que Lucho descifre sus labios. Pero Lucho prefiere usar los labios, los suyos, para besar a Jaime.A la mañana siguiente, Jaime arranca a un esquivo Lucho el compromiso de que le enseñará lengua de signos. Y así Lucho se convierte en presencia habitual en la casa, con permiso del compañero de Jaime, Pote, que también hace buenas migas con el recién llegado.Entre palabras y signos, avanza una relación en la que los dos chicos se enamoran a trompicones, mientras resquebrajan sus corazas, sus mundos chocan y Jaime indaga poco a poco en la misteriosa intimidad de Lucho, que incluye a su hermana Juana, también sorda
650 #0 - PUNTO DE ACCESO ADICIONAL DE MATERIA--TÉRMINO DE MATERIA
Término de materia o nombre geográfico como elemento de entrada Homosexuals
Subdivisión general Textos dramàtics
9 (RLIN) 160161
650 #0 - PUNTO DE ACCESO ADICIONAL DE MATERIA--TÉRMINO DE MATERIA
Término de materia o nombre geográfico como elemento de entrada Sords
Subdivisión general Textos dramàtics
9 (RLIN) 167259
710 2# - ENTRADA AGREGADA--NOMBRE DE ENTIDAD CORPORATIVA
Nombre de entidad corporativa o nombre de jurisdicción como elemento de entrada Centro Dramático Nacional (Espanya)
Término indicativo de función/relación entitat editora
9 (RLIN) 167260
908 ## - COLOCAR PARÁMETRO DE COMANDO (RLIN)
Colocar parámetro de comando CDMAE
940 ## - EQUIVALENCIA O REFERENCIA-CRUZADA--TÍTULO UNIFORME [OBSOLETO] [solamente CAN/MARC]
Título uniforme <a href="CVA2">CVA2</a>
942 ## - ELEMENTOS DE ENTRADA AGREGADA (KOHA)
Fuente del sistema de clasificación o colocación Clasificación decimal universal
Tipo de ítem Koha Llibre
Holdings
Estado de retiro Estado de pérdida Fuente del sistema de clasificación o colocación Estado dañado No para préstamo Localización permanente Ubicación/localización actual Ubicación en estantería Fecha de adquisición Fuente de adquisición Total de préstamos Signatura topográfica completa Código de barras Fecha visto por última vez Precio válido a partir de Tipo de ítem Koha
    Clasificación decimal universal     Biblioteca Barcelona Biblioteca Barcelona BCN Lliure Accés 29/09/2025 Compra   860 PERT man 1900089244 29/09/2025 29/09/2025 Llibre

Powered by Koha